Механика жидкости и газа / ДО 2017 (21.03.01): электронный курс

Бібліографічні деталі
Автор: Бульба Е. Е. Елена Евгеньевна
Співавтор: Национальный исследовательский Томский политехнический университет Инженерная школа энергетики Научно-образовательный центр И. Н. Бутакова (НОЦ И. Н. Бутакова)
Резюме:Заглавие с экрана
В курсе "Механика жидкости и газа" рассматриваются задачи гидромеханики, которые заключаются в установлении связи между скоростями и напряжениями в жидкости, с одной стороны, и действующими на жидкость внешними силами с другой стороны, основные законы движения и равновесия жидкости и газов, которые широко используются в современной теплотехнике при проектировании и эксплуатации энергетического оборудования. Законы гидродинамики являются определяющими в нефтегазовой отрасли в зависимости от направления деятельности при работе с объектами из механики сплошных сред, такими как твердые деформируемые и недеформируемые тела, жидкости и газы, либо сыпучие среды.
Доступ по логину и паролю
Мова:Російська
Опубліковано: Томск, TPU Moodle, 2020
Предмети:
Онлайн доступ:https://design.lms.tpu.ru/course/view.php?id=3879
Формат: Електронний ресурс Книга
KOHA link:https://koha.lib.tpu.ru/cgi-bin/koha/opac-detail.pl?biblionumber=667477

MARC

LEADER 00000nlm0a2200000 4500
001 667477
005 20240125164929.0
035 |a (RuTPU)RU\TPU\network\38682 
035 |a RU\TPU\network\38681 
090 |a 667477 
100 |a 20220329d2020 m y0rusy50 ca 
101 0 |a rus 
102 |a RU 
105 |a a j 000zy 
135 |a jrcn ---uucaa 
181 0 |a i  
182 0 |a b 
200 1 |a Механика жидкости и газа / ДО 2017 (21.03.01)  |e электронный курс  |f Е. Е. Бульба  |g Национальный исследовательский Томский политехнический университет, Инженерная школа энергетики, Научно-образовательный центр И. Н. Бутакова (НОЦ И. Н. Бутакова) 
203 |a Текст  |c электронный 
210 |a Томск  |c TPU Moodle  |d 2020 
300 |a Заглавие с экрана 
330 |a В курсе "Механика жидкости и газа" рассматриваются задачи гидромеханики, которые заключаются в установлении связи между скоростями и напряжениями в жидкости, с одной стороны, и действующими на жидкость внешними силами с другой стороны, основные законы движения и равновесия жидкости и газов, которые широко используются в современной теплотехнике при проектировании и эксплуатации энергетического оборудования. Законы гидродинамики являются определяющими в нефтегазовой отрасли в зависимости от направления деятельности при работе с объектами из механики сплошных сред, такими как твердые деформируемые и недеформируемые тела, жидкости и газы, либо сыпучие среды. 
333 |a Доступ по логину и паролю 
606 1 |a Механика жидкости и газа  |2 stltpush  |3 (RuTPU)RU\TPU\subj\72052  |9 85655 
610 1 |a электронный ресурс 
610 1 |a труды учёных ТПУ 
610 1 |a электронные учебные пособия 
610 1 |a Moodle 
610 1 |a e-learning 
610 1 |a гидростатика 
610 1 |a основы 
610 1 |a кинематика жидкости 
610 1 |a динамика жидкости 
675 |a 532(075.8)  |v 4 
700 1 |a Бульба  |b Е. Е.  |c специалист в области теплотехники  |c доцент Томского политехнического университета, кандидат технических наук  |f 1969-  |g Елена Евгеньевна  |3 (RuTPU)RU\TPU\pers\28122  |9 13080 
712 0 2 |a Национальный исследовательский Томский политехнический университет  |b Инженерная школа энергетики  |b Научно-образовательный центр И. Н. Бутакова (НОЦ И. Н. Бутакова)  |3 (RuTPU)RU\TPU\col\23504 
801 2 |a RU  |b 63413507  |c 20220809  |g RCR 
856 4 |u https://design.lms.tpu.ru/course/view.php?id=3879 
942 |c CF